|
|
|
|
| LEADER |
01625nam a22003377a 4500 |
| 001 |
3003 |
| 003 |
BD-DhAAL |
| 005 |
20240528140306.0 |
| 008 |
240528t1982 bg a b 100 0 eng d |
| 040 |
|
|
|a BD-DhAAL
|c BD-DhAAL
|
| 082 |
0 |
0 |
|a 636.00913
|
| 245 |
0 |
0 |
|a Maximum livestock production from minimum land :
|b proceedings of the third seminar, held from 13th to 18th February 1982 at Bangladesh Agricultural Research Institute, Joydebpur /
|c edited by T R Preston ... [et al.] ; organised by Bangladesh Agricultural University, Mymensingh ; convenor, Mozammel Haque.
|
| 264 |
|
|
|a Mymensingh :
|b Bangladesh Agricultural University,
|c 1982.
|
| 300 |
|
|
|a xi, 337 pages :
|b illustrations ;
|c 21 cm.
|
| 500 |
|
|
|a Papers from the third Seminar on Maximum Livestock Production from Minimum Land.
|
| 504 |
|
|
|a Includes bibliographical references.
|
| 541 |
|
|
|e 3003
|
| 650 |
|
0 |
|a Livestock
|z Tropics
|x Congresses.
|9 2990
|
| 650 |
|
0 |
|a Feeds.
|
| 650 |
|
0 |
|a Fish culture
|v Congresses.
|9 56438
|
| 700 |
1 |
|
|a Preston, T. R.
|9 56439
|
| 700 |
1 |
|
|a Davis, C. H.
|9 56440
|
| 700 |
1 |
|
|a Dolberg, F.
|9 56441
|
| 700 |
1 |
|
|a Haque, Mozammel
|9 56442
|
| 700 |
1 |
|
|a Saadullah, M.
|9 56443
|
| 710 |
2 |
|
|a Bangladesh Agricultural University.
|9 1426
|
| 711 |
2 |
|
|a Seminar on Maximum Livestock Production from Minimum Land
|n (3rd :
|d 1982 :
|c Bangladesh Agricultural University)
|9 56444
|
| 852 |
|
|
|a Ayesha Abed Library
|c General Stacks
|
| 942 |
|
|
|2 ddc
|c BK
|
| 999 |
|
|
|c 46679
|d 46679
|
| 952 |
|
|
|0 0
|1 0
|2 ddc
|4 0
|6 636_009130000000000_MAX
|7 0
|9 75568
|a BRACUL
|b BRACUL
|c GEN
|d 2024-05-28
|g 0.00
|l 0
|o 636.00913 MAX
|p 3010003003
|r 2024-05-28
|t 1
|w 2024-05-28
|y BK
|z Not price in Register
|